| 000 | 01137cam a2200289 a 4500 | ||
|---|---|---|---|
| 001 | 1143949 | ||
| 003 | ARRUPE | ||
| 005 | 20150411020005.0 | ||
| 008 | 951121s1996 enk b 001 0 eng | ||
| 010 | _a 95026495 | ||
| 020 | _a0719045126 (hardback) | ||
| 020 | _a0719045134 (pbk.) | ||
| 040 |
_aDLC _cDLC _dDLC |
||
| 050 | 0 | 0 |
_aHM136 _b.D783 1996 |
| 100 | 1 |
_aDukes, E. Franklin. _92505 |
|
| 245 | 1 | 0 |
_aResolving public conflict : _btransforming community and governance / _cE. Franklin Dukes. |
| 260 |
_aManchester ; _aNew York : _bManchester University Press ; _aNew York : _bDistributed exclusively in the USA by St. Martin's Press, _c1996. |
||
| 300 |
_axiv, 226 p. ; _c24 cm. |
||
| 440 | 0 |
_aPolitical analyses _92506 |
|
| 504 | _aIncludes bibliographical references (p. 197-216) and index. | ||
| 650 | 0 |
_aConflict management. _92507 |
|
| 650 | 0 |
_aMediation. _92508 |
|
| 650 | 0 |
_aDispute resolution (Law) _92509 |
|
| 906 |
_a7 _bcbc _corignew _d1 _eocip _f19 _gy-gencatlg |
||
| 942 |
_2lcc _cMONOGRAPH _03 |
||
| 999 |
_c118343 _d118343 |
||